Представление документа в формате MARC21

Поле Инд. ПП Название Значение
Тип записи m
Библиографический уровень m
001 Контрольный номер RU/LIBMSTU/446223375
005 Дата корректировки 20200518153858.0
008 Кодируемые данные 140219|||||||||ru||||||||||||000|||rus||
040 b Код языка каталог. rus
041 0_ a Код языка текста rus
084 a Индекс другой классификации/Индекс ББК 81.2Р-7
090 x Авторский знак К 66
100 1_ a Автор Коренева А. В.
110 2_ a Организация/ юрисдикция Мурманский государственный технический университет
245 10 a Заглавие Русский язык и культура речи
b Продолж. заглавия учеб. пособие для вузов
c Ответственность Федер. агентство по рыболовству, ФГБОУ ВПО "Мурман. гос. техн. ун-т"
h Физич. носитель Электронный ресурс
256 a Характеристики компьютерного файла Электрон. текстовые дан. (1 файл : 1.7 Мб)
260 a Место издания Мурманск
b Издательство Изд-во МГТУ
c Дата издания 2013
500 a Примечание Доступ из локальной сети Мурман. гос. техн. ун-та. - Загл. с экрана. - Имеется печ. аналог 2013 г.
583 x Служебное примечание Полнотекстовые документы
x Служебное примечание Труды преподавателей МГТУ
z Открытое примечание Для студентов гуманитарных специальностей
650 04 a Основная рубрика Русский язык-Учебные издания для высших учебных заведений
650 14 a Основная рубрика Культура речи-Учебные издания для высших учебных заведений
653 0_ a Ключевые слова Деловая речь; Культура речи; Научная речь; Письмо; Публичная речь; Речевая деятельность; Речь; Русский язык; Чтение; Электронные версии; Труды преподавателей МГТУ
856 40 u URL https://elib.mauniver.ru/2013/U_13_12.pdf
901 t Тип документа m
952 c Вид литературы учебное пособие